000 01067cam a2200241 4500
001 2171
003 OCoLC
005 20181127164703.0
007 co ugu--------
008 020430r20011999mau f 001 0 eng c
020 _a0312401612
100 1 _aHacker, Diana,
_d1942-
245 1 2 _aA writer's reference /
_cDiana Hacker.
250 _a4th ed.
260 _aBoston :
_bBedford/St. Martin's,
_c1999.
300 _axxiv, 424, 25 p. ;
_c21 cm.
500 _aIncludes index.
500 _aOn cover: Updated with APA's 2001 guidelines.
505 0 _aComposition/Style -- Composing and revising -- Research writing -- Effective sentences -- Word choice -- Correctness -- Grammatical sentences -- ESL trouble spots -- Punctuation -- Spelling and mechanics -- Format/Basic grammar -- Document design -- MLA documentation -- Alternative styles of documentation -- Basic grammar.
650 0 _aEnglish language
_xGrammar
_vHandbooks, manuals, etc.
650 0 _aEnglish language
_xRhetoric
_vHandbooks, manuals, etc.
650 0 _aReport writing
_vHandbooks, manuals, etc.
999 _c1715
_d1715